MARC

LEADER 00000nam0a2200000 4500
001 354353
005 20231102010701.0
035 |a (RuTPU)RU\TPU\retro\11611 
090 |a 354353 
100 |a 20200618d1973 km y0rusy50 ca 
101 0 |a rus 
102 |a RU 
105 |a a z 001zy 
200 1 |a Современные химически стойкие полы  |f Н. А. Мощанский, И. Е. Путляев 
210 |a Москва  |c Изд-во литературы по строительству  |d 1973 
215 |a 120 с.  |c ил. 
320 |a Библиогр.: с. 114-117 
606 1 |a Полы химически стойкие  |2 stltpush  |3 (RuTPU)RU\TPU\subj\50783  |9 69432 
610 1 |a бетоны 
610 1 |a минеральные вяжущие 
610 1 |a растворы 
610 1 |a керамика 
610 1 |a каменное литье 
610 1 |a термопласты 
610 1 |a реактопласты 
610 1 |a полимербетоны 
610 1 |a бесшовные покрытия 
610 1 |a полимерные материалы 
675 |a 692.53  |v 4 
700 1 |a Мощанский  |b Н. А.  |g Николай Алексеевич 
701 1 |a Путляев  |b И. Е.  |g Иван Егорович 
801 1 |a RU  |b 63413507  |c 20200618 
801 2 |a RU  |b 63413507  |c 20201217  |g RCR 
942 |c BK